Tragedie da leggere
Guardat en:
| Autor principal: | |
|---|---|
| Format: | Llibre |
| Idioma: | Undetermined |
| Publicat: |
Milan, Italia
Realizzazione
2008
|
| Matèries: | |
| Etiquetes: |
Afegir etiqueta
Sense etiquetes, Sigues el primer a etiquetar aquest registre!
|
MARC
| LEADER | 00000nam a2200000Ia 4500 | ||
|---|---|---|---|
| 008 | 170316s9999 xx 000 0 und d | ||
| 999 | |c 8166 |d 8166 | ||
| 040 | |a cru BVZT | ||
| 090 | |a 850 M-11t | ||
| 100 | |a Manganelli, Giorgio | ||
| 245 | |a Tragedie da leggere |c / Giorgio Manganelli | ||
| 260 | |a Milan, Italia |b Realizzazione |c 2008 | ||
| 300 | |a 297 páginas | ||
| 650 | |a LITERATURA ITALIANA |9 212 | ||
| 650 | |a TEATRO |9 211 | ||
| 650 | |a EN IDIOMA ITALIANO | ||
| 942 | |c 15 D |h 850 M-11t |2 z | ||
